Principles of surveying / (Record no. 181363)

000 -LEADER
fixed length control field 01019 a2200229 4500
003 - CONTROL NUMBER IDENTIFIER
control field Nust
005 - DATE AND TIME OF LATEST TRANSACTION
control field 20221125092652.0
010 ## - LIBRARY OF CONGRESS CONTROL NUMBER
LC control number 78001485
020 ## - INTERNATIONAL STANDARD BOOK NUMBER
International Standard Book Number 0442302215 (v. 1)
020 ## - INTERNATIONAL STANDARD BOOK NUMBER
International Standard Book Number 0442302223 (v. 1) (pbk.)
040 ## - CATALOGING SOURCE
Transcribing agency Nust
082 00 - DEWEY DECIMAL CLASSIFICATION NUMBER
Classification number 526.9,OLL
100 1# - MAIN ENTRY--PERSONAL NAME
Personal name Olliver, J. G.
9 (RLIN) 39683
245 10 - TITLE STATEMENT
Title Principles of surveying /
Statement of responsibility, etc. J. G. Olliver and J. Clendinning.
250 ## - EDITION STATEMENT
Edition statement 4th ed.
260 ## - PUBLICATION, DISTRIBUTION, ETC.
Place of publication, distribution, etc. New York :
Name of publisher, distributor, etc. Van Nostrand Reinhold Co.,
Date of publication, distribution, etc. 1978-
300 ## - PHYSICAL DESCRIPTION
Extent ix,267p
Other physical details ill. ;
Dimensions 25 cm.
505 1# - FORMATTED CONTENTS NOTE
Formatted contents note Introduction (Page-1), Chain Surveying (Page-10), Angles Bearings and Co Ordinates (Page-19), Computations in Rectangular Co Ordinates (Page-31), Triangulation and Trilateration (Page-53), Traversing (Page-75), Heighten and Contouring (Page-96), Horizontal and Vertical curves and Setting Out (Page-143), Areas and Volumes (Page-193), Topographical and Hydrographic Surveying (Page-215).
650 #0 - SUBJECT ADDED ENTRY--TOPICAL TERM
Topical term or geographic name entry element Surveying.
700 1# - ADDED ENTRY--PERSONAL NAME
Personal name Clendinning, James,
Dates associated with a name b. 1888,
9 (RLIN) 103553
942 ## - ADDED ENTRY ELEMENTS (KOHA)
Source of classification or shelving scheme
Koha item type Book
Call number prefix 526.9,OLL
Holdings
Withdrawn status Lost status Source of classification or shelving scheme Damaged status Not for loan Permanent Location Current Location Shelving location Date acquired Full call number Barcode Date last seen Price effective from Koha item type Public note
          Military College of Signals (MCS) Military College of Signals (MCS) General Stacks 12/12/2016 526.9,OLL MCS5082 12/08/2016 12/12/2016 Book Almirah No.15, Shelf No.1
© 2023 Central Library, National University of Sciences and Technology. All Rights Reserved.